| 000 | 00613nam a22002177a 4500 | ||
|---|---|---|---|
| 999 |
_c5 _d5 |
||
| 003 | OSt | ||
| 005 | 20200121103948.0 | ||
| 008 | 140626b xxu||||| |||| 00| 0 eng d | ||
| 020 | _a 978-1842779620 | ||
| 020 | _a978184277962 | ||
| 040 | _c040a | ||
| 082 |
_220 _a362.5 _bPOV |
||
| 100 |
_aEdited by Hemson,David.[et...al] _913195 |
||
| 245 |
_aPoverty and Water: _bexploration of the reciprocal relationship |
||
| 260 |
_aLondon : _bZed books, _c2008 |
||
| 300 |
_aviii,210 p : _bcol.ill ; _c23 cm. |
||
| 504 | _aincludes references and indexes | ||
| 650 |
_aPoverty _98 |
||
| 650 |
_aWater _99 |
||
| 942 |
_2ddc _cB_BANK |
||